[Event "Top 12 FRA-chT 2017"]
[Site "Chartres"]
[Date "2017.05.20"]
[Round "3"]
[White "Istratescu, Andrei"]
[Black "Sebag, Marie"]
[Result "1/2-1/2"]
[WhiteElo "2596"]
[BlackElo "2488"]
[Annotator "TA"]
[PlyCount "98"]
[EventDate "2017.??.??"]
[EventType "team-tourn"]
[EventCountry "FRA"]
[SourceTitle "playchess.com"]
[Source "ChessBase"]
[SourceQuality "1"]
[WhiteTeam "Mulhouse Philidor"]
[BlackTeam "Strasbourg"]

{[%evp 21,98,26,30,39,31,30,31,31,33,31,31,31,31,31,27,32,23,32,31,35,20,0,0,4,14,0,34,14,13,13,12,0,25,25,25,25,25,25,25,25,37,14,16,14,24,0,0,0,0,0,0,0,0,0,0,0,0,0,0,0,0,0,0,0,0,0,0,0,0,0,0,0,0,0,0,0,0,0,0]} 1. d4 d5 2. c4 c6 3. Nf3 Nf6 4. Nc3 dxc4 5. a4 Bf5 6. Ne5 Nbd7 7. Nxc4 Nb6 8. Ne5 a5 9. h4 {D17: Slav Defence: 5 a4 Bf5: Lines with 6 Nh4 and 6 Ne5} Nbd7 (9... g6 10. h5 gxh5 11. e4 Bg6 12. Be3 e6 13. Bd3 Nbd7 14. Nxd7 Qxd7 15. f3 Bg7 16. Qd2 O-O {1-0 (60) Aronian,L (2792)-Anand,V (2770) Leuven 2016}) 10. Qb3 Nxe5 11. dxe5 Nd7 {LiveBook: 6 Games} 12. Qxb7 $146 ({Predecessor:} 12. e4 Be6 13. Qxb7 Nxe5 14. Bf4 Rb8 15. Qa6 Ra8 16. Qe2 Qb8 17. h5 Nd3+ 18. Qxd3 Qxf4 19. g3 Qd6 20. Qe3 Qb4 21. Bg2 Bc4 22. e5 {1-0 (22) Korobov,A (2687)-Solak,D (2607) Jerusalem 2015}) 12... Nxe5 13. Bf4 Rb8 14. Qa7 f6 15. Bxe5 fxe5 16. g4 Bxg4 ({Much worse is} 16... Rxb2 $6 17. Rd1 $16) 17. Bg2 Qb6 {[#]} 18. Bxc6+ $1 {[%mdl 512]} Kf7 (18... Qxc6 19. Qxb8+) 19. Bd5+ Ke8 20. Qxb6 Rxb6 21. Rg1 Bd7 22. O-O-O g6 23. Bc4 (23. h5 $5) 23... e6 24. h5 gxh5 25. Rh1 Bb4 26. Bb5 Bxb5 27. Nxb5 Rf8 28. Rxh5 Rc6+ 29. Kb1 Rxf2 30. Rxh7 {[#] Hoping for Rdd7.} Rf7 31. Rxf7 (31. Rh5 {seems wilder.} Rf5 32. Rxf5 exf5 33. Rd5 Rc5 34. Nd6+) 31... Kxf7 $14 {[%mdl 4096] Endgame KRB-KRN} 32. Rc1 Rb6 33. Rf1+ Ke7 {The position is equal.} 34. Kc2 Rc6+ 35. Kb3 Rc8 36. Rh1 Rg8 37. Rh5 Rg3+ 38. Kc2 Re3 39. Rh2 Kd7 40. Nc3 Bxc3 41. bxc3 $11 {KR-KR} Kc6 42. Kb3 Kc5 43. Rh8 Rxe2 44. Ra8 e4 45. Rxa5+ Kd6 46. Kc4 Rd2 {Strongly threatening ...e3.} 47. Rh5 Rd1 48. a5 e3 {( -> ...e2)} 49. Rh2 Ra1 {Precision: White = 78%, Black = 74%.} 1/2-1/2

[Event "Top 12 FRA-chT 2017"]
[Site "Chartres"]
[Date "2017.05.20"]
[Round "3"]
[White "Van Foreest, Jorden"]
[Black "Godard, Maxence"]
[Result "1-0"]
[WhiteElo "2595"]
[BlackElo "2329"]
[Annotator "TA"]
[PlyCount "109"]
[EventDate "2017.??.??"]
[EventType "team-tourn"]
[EventCountry "FRA"]
[SourceTitle "playchess.com"]
[Source "ChessBase"]
[SourceQuality "1"]
[WhiteTeam "Clichy"]
[BlackTeam "Lisieux"]

{[%evp 21,109,19,30,13,23,22,14,7,29,14,25,11,11,12,34,29,24,19,114,123,120,89,97,90,133,139,104,78,194,167,179,180,174,165,231,216,320,217,268,195,200,198,187,195,314,299,282,290,299,297,303,303,290,272,358,307,425,395,422,416,545,539,1033,1029,816,507,1220,1119,685,694,1286,1230,1013,918,4738,3084,2058,1806,29972,29974,29978,29979,29977,29978,29978,29978,29981,29982,29985,29986]} 1. e4 c6 2. d4 d5 3. Nd2 {[%cal Bb1d2,Bd2e4,Be4g5][%mdl 32]} dxe4 4. Nxe4 Nd7 5. Ng5 Ngf6 6. Bd3 e6 7. N1f3 Bd6 8. Qe2 h6 9. Ne4 Nxe4 10. Qxe4 Qc7 11. O-O b6 12. Qg4 {B17: Caro-Kann: Modern Line (4...Nd7)} Kf8 $1 13. b3 Bb7 14. Re1 {The position is equal.} Rd8 (14... Nf6 $5 {[%cal Rf6g4]} 15. Qh4 c5 $11) 15. Bb2 Nf6 16. Qh3 Nd5 17. g3 {[#]} Kg8 $146 ({Predecessor:} 17... c5 18. dxc5 Bxc5 19. Be4 Nf6 20. Bxf6 gxf6 {½-½ (28) Giri,A (2732)-Ding,L (2711) Antalya 2013}) 18. c4 Nf6 19. Rad1 c5 {[#]} (19... h5 $11) 20. d5 $1 $16 {[%mdl 512]} exd5 21. Bxf6 gxf6 22. cxd5 Bxd5 23. Nh4 Kf8 24. Bc4 Bxc4 (24... Bb7 $16) 25. bxc4 $18 Be5 26. Nf5 {[%mdl 1024] White has strong compensation.} h5 27. Qh4 {Strongly threatening Rxd8+.} Rd7 (27... Rxd1 {is a better defense.} 28. Rxd1 Bd4) 28. Qe4 Kg8 (28... Rd8 {was called for.} 29. Kg2 Bd4 30. Qe7+ Qxe7 31. Rxe7 Ra8) 29. Kg2 Qb7 30. Rxd7 $40 {[%mdl 128] White attacks with force.} Qxd7 31. f4 Bc3 32. Re3 Bb2 (32... Ba5 $142 33. Qd3 Qxd3 34. Rxd3 Kh7) 33. Qe8+ Qxe8 34. Rxe8+ Kh7 35. Rxh8+ $1 Kxh8 {[%mdl 4096] Endgame KB-KN} 36. Kf3 Kh7 37. Ke4 Kg6 38. a4 Bc3 39. Ne7+ Kg7 40. Nc8 Kg6 41. Nxa7 f5+ {[#]} 42. Kd5 $1 {[%cal Rd5c6]} h4 43. gxh4 Kh5 (43... Bd2 $142 44. Nc8 Bxf4 45. Nxb6 Bxh2) 44. Nc8 Kg4 45. Nxb6 Kxf4 46. Kxc5 Ke4 47. Nd5 Bd4+ 48. Kb5 f4 {[#]} 49. Nxf4 $1 {[%mdl 512]} Kxf4 {KB-KP} 50. c5 {White mates.} Ke5 51. a5 {[%cal Ba4a5,Ba5a6][%mdl 32]} Kd5 52. a6 Bxc5 53. h5 {[%cal Bh4h5,Bh5h6][%mdl 32]} Bd4 54. h6 Kd6 55. Kc4 {Precision: White = 89%, Black = 28%.} 1-0

[Event "Top 12 FRA-chT 2017"]
[Site "Chartres"]
[Date "2017.05.20"]
[Round "3"]
[White "Baklan, Vladimir"]
[Black "Gajewski, Grzegorz"]
[Result "1-0"]
[WhiteElo "2594"]
[BlackElo "2634"]
[Annotator "TA"]
[PlyCount "69"]
[EventDate "2017.??.??"]
[EventType "team-tourn"]
[EventCountry "FRA"]
[SourceTitle "playchess.com"]
[Source "ChessBase"]
[SourceQuality "1"]
[WhiteTeam "Strasbourg"]
[BlackTeam "Mulhouse Philidor"]

{[%evp 20,69,51,54,63,65,78,71,76,68,110,97,88,58,74,59,252,93,79,45,51,64,138,115,109,118,150,137,205,193,425,410,429,372,777,785,981,961,907,631,968,1007,797,810,2591,1488,1430,1429,29993,731,29994,29995]} 1. e4 c5 2. Nf3 d6 3. d4 cxd4 4. Nxd4 Nf6 5. Nc3 a6 6. h3 e5 7. Nde2 h5 {B90: Sicilian Najdorf: Unusual White 6th moves, 6 Be3 Ng4 and 6 Be3 e5} 8. g3 Be6 9. Bg2 Be7 10. a4 Nc6 11. Nd5 {LiveBook: 3 Games} Bxd5 12. exd5 Na5 13. b3 Nd7 $146 ({Predecessor:} 13... O-O 14. O-O Rc8 15. Be3 {0-1 (47) Areshchenko,A (2677)-Matuszewski,M (2485) Poland 2017}) 14. O-O Bg5 15. Ba3 Qc7 16. h4 Bh6 17. Qe1 O-O-O $2 (17... O-O $14) 18. Bb4 $2 (18. Rd1 $1 $18) 18... b6 $16 19. Nc3 {Black must now prevent Qe2.} f5 $1 20. Qe2 {And now Bxd6! would win.} Nb8 ({Black should play} 20... Kb7 $14) 21. Qxh5 Rdf8 22. Qe2 $36 {[%mdl 2048] Black is under strong pressure.} g5 23. h5 g4 {[#]} (23... e4 $16 {is a better defense.}) 24. f3 $1 $18 {[%cal Rf3g4]} gxf3 $2 (24... Rfg8 25. Nd1 Kb7 26. fxg4 Rxg4) 25. Rxf3 Qg7 26. Raf1 e4 $2 (26... Nb7 27. Rxf5 Qxg3) 27. Rxf5 Qd4+ 28. Kh2 Qxb4 29. Nxe4 Rxf5 30. Rxf5 Nd7 31. Rf7 Nb7 32. Bh3 Kb8 33. Bxd7 Nd8 {[#]} 34. Re7 (34. Qxa6 $142 $1 {[%mdl 512]} Nxf7 35. Bc6 Qd2+ 36. Nxd2 Nd8 37. Qa8+ Kc7 38. Qa7+ Nb7 39. Qxb7+ Kd8 40. Qd7#) 34... Qd4 35. Qxa6 {Precision: White = 62%, Black = 27%.} 1-0

[Event "Top 12 FRA-chT 2017"]
[Site "Chartres"]
[Date "2017.05.20"]
[Round "3"]
[White "Degraeve, Jean-Marc"]
[Black "Kryvoruchko, Yuriy"]
[Result "1/2-1/2"]
[WhiteElo "2592"]
[BlackElo "2714"]
[Annotator "TA"]
[PlyCount "35"]
[EventDate "2017.??.??"]
[EventType "team-tourn"]
[EventCountry "FRA"]
[SourceTitle "playchess.com"]
[Source "ChessBase"]
[SourceQuality "1"]
[WhiteTeam "Saint Quentin"]
[BlackTeam "Grasse Echecs"]

{[%evp 12,35,13,16,11,0,0,0,12,2,4,9,9,0,0,-9,0,0,0,25,0,0,0,0,16,22]} 1. e4 e5 2. Nf3 Nc6 3. Bc4 Bc5 4. O-O Nf6 5. d3 O-O 6. Nbd2 {[%cal Bb1d2,Bd2f1,Bf1g3][%mdl 32]} d6 7. c3 a5 {C54: Giuoco Piano: 4 c3 Nf6, main lines with 5 d4 and 5 d3} 8. a4 (8. Bb3 Be6 9. Ba4 Qb8 10. Bxc6 bxc6 11. d4 Ba7 12. b3 Nd7 13. Bb2 a4 14. c4 {½-½ (40) Anand,V (2776)-Aronian,L (2795) Moscow 2016}) 8... Ne7 9. Re1 Ng6 10. Nf1 c6 11. h3 h6 12. Ng3 d5 13. Ba2 {[#]} dxe4 $146 ({Predecessor:} 13... Bd6 14. Nf5 Bc7 15. Bd2 {0-1 (45) Kuna,H (2376)-Boehme,S (2512) Remote email 2013}) 14. dxe4 Qb6 15. Qc2 Re8 16. Be3 {The position is equal.} Bxe3 17. Rxe3 Be6 18. Bxe6 1/2-1/2

[Event "Top 12 FRA-chT 2017"]
[Site "Chartres"]
[Date "2017.05.20"]
[Round "3"]
[White "Hamdouchi, Hicham"]
[Black "Marie, Maxime"]
[Result "1-0"]
[WhiteElo "2586"]
[BlackElo "2177"]
[Annotator "TA"]
[PlyCount "43"]
[EventDate "2017.??.??"]
[EventType "team-tourn"]
[EventCountry "FRA"]
[SourceTitle "playchess.com"]
[Source "ChessBase"]
[SourceQuality "1"]
[WhiteTeam "Clichy"]
[BlackTeam "Lisieux"]

{[%evp 9,43,42,41,48,83,84,81,58,54,65,98,94,146,123,158,132,193,175,239,231,357,366,597,591,655,656,681,689,706,692,874,875,1067,1062,1127,1117]} 1. e4 {[%cal Be2e4,Be4e5][%mdl 32]} c5 2. Nf3 Nc6 3. Bb5 Nf6 4. e5 (4. Nc3 Qc7 5. Bxc6 bxc6 6. O-O e5 7. d3 Be7 8. Nh4 d5 9. f4 dxe4 10. dxe4 O-O 11. Qe1 c4 12. Kh1 {1-0 (56) Nepomniachtchi,I (2767)-Naiditsch,A (2687) Doha 2016}) 4... Ng4 5. Qe2 Qc7 {[%cal Rg4e5]} 6. Bxc6 {B30: Sicilian: 2...Nc6 3 Bb5, lines without ...g6} dxc6 7. d3 g6 $146 ({Predecessor:} 7... Nh6 8. Nbd2 g6 9. Ne4 Bg7 10. O-O Bg4 11. Nf6+ Bxf6 12. exf6 Nf5 {½-½ (56) Rozum,I (2523)-Yevseev,D (2533) St Petersburg 2013}) 8. h3 {White is better.} Nh6 $1 9. g4 Bg7 10. Bf4 Be6 (10... Ng8 $142) 11. Nbd2 Bd5 12. O-O-O Qa5 (12... Bxf3 $16 {was necessary.} 13. Nxf3 e6) 13. a3 b5 (13... O-O-O $142 14. c4 Bxf3 15. Qxf3 (15. Nxf3 Ng8 $16) 15... f6) 14. c4 $18 b4 (14... Qa4 $142 15. Bxh6 (15. cxd5 Qxf4 16. d4 a6 $16) 15... Bxh6) 15. cxd5 bxa3 $2 {[#]} (15... cxd5 {keeps fighting.} 16. Nb3 Qb5) 16. Nc4 {White is clearly winning.} a2 17. Kc2 ({Weaker is} 17. Nxa5 a1=Q+ 18. Kc2 Qxa5 $16) 17... Qb5 18. d6 O-O 19. dxe7 Rfb8 20. Nfd2 Kh8 21. Qe3 Ng8 {[#]} 22. e8=Q $1 {Precision: White = 95%, Black = 16%.} 1-0

[Event "Top 12 FRA-chT 2017"]
[Site "Chartres"]
[Date "2017.05.20"]
[Round "3"]
[White "Solodovnichenko, Yuri"]
[Black "Li, Chao b"]
[Result "1-0"]
[WhiteElo "2576"]
[BlackElo "2722"]
[Annotator "TA"]
[PlyCount "81"]
[EventDate "2017.??.??"]
[EventType "team-tourn"]
[EventCountry "FRA"]
[SourceTitle "playchess.com"]
[Source "ChessBase"]
[SourceQuality "1"]
[WhiteTeam "Vandoeuvre"]
[BlackTeam "Nice Alekhine"]

{[%evp 17,81,58,56,0,0,0,0,-7,-6,0,34,52,45,31,28,27,39,19,23,2,0,-7,0,0,0,0,45,58,52,63,30,53,156,156,156,156,157,153,156,155,202,108,211,211,216,217,209,207,261,236,222,235,376,376,376,376,341,0,340,255,585,585,579,576,575,574]} 1. e4 c5 2. Nf3 Nc6 3. d4 cxd4 4. Nxd4 g6 5. Nc3 Bg7 6. Be3 Nf6 7. Bc4 O-O 8. Bb3 d5 9. exd5 {B35: Sicilian: Accelerated Dragon with 5 Nc3: main line} Na5 {LiveBook: 31 Games} 10. h3 (10. Qd2 $14) (10. Qf3 Nxb3 11. axb3 Bg4 12. Qg3 Bh5 13. d6 Ng4 14. O-O-O Qa5 15. dxe7 Rfe8 16. Qd6 Be5 {1-0 (36) Ponomariov,R (2709)-Gelfand,B (2743) Tashkent 2016}) 10... Nxb3 $11 11. Nxb3 {The position is equal.} b5 $146 ({Predecessor:} 11... b6 12. O-O Bb7 13. Bd4 Nxd5 14. Bxg7 Kxg7 15. Qd4+ Nf6 16. Qe5 Rc8 {0-1 (29) Kummerow,H (2267)-Walter,T (2105) Bad Wiessee 2015}) 12. Nxb5 {Strongly threatening c4.} Nxd5 13. Bd4 Bh6 14. O-O Bb7 15. c4 Nf4 16. Be3 Qb8 $1 {next ...Nxh3+! is good for Black.} 17. Bxf4 Qxf4 18. Na5 {[%cal Bb3a5,Ba5b7,Bb7d6,Bd6e4,Be4c3][%mdl 32]} a6 19. Nxb7 axb5 20. cxb5 Rfc8 21. b6 {[%cal Bb5b6,Bb6b7][%mdl 32] aiming for a4.} Qf6 22. Nd6 {Hoping for Nxf7!} Rd8 23. b7 Rab8 24. Ne4 Qxb2 (24... Qa6 $14 25. Qc2 Qxb7) 25. Rb1 $36 {[%mdl 2048] White is really pushing.} Qxa2 26. Qb3 Qxb3 27. Rxb3 Rd5 28. Rfb1 f5 29. Nc3 (29. Rc3 $1 $18 {[%cal Rc3c8] And now Rc8+ would win.} Kf7 30. Nc5) 29... Rc5 (29... Rd4 $16 30. Nb5 Rc4) 30. Na4 $1 $18 {[%cal Ra4c5]} Ra5 {[#]} 31. Rc3 $1 {[%cal Rc3c8]} Kf7 32. Nc5 {Black must now prevent Nd7.} Ra7 33. Rcb3 Ke8 34. Ne6 Kd7 {[#]} (34... Bd2 $142 35. g3 Ba5) 35. Rb6 $1 Bd2 36. Nc5+ Kc7 37. Ne6+ Kd7 38. Rd1 Ra2 $2 (38... Ke8 {is more resistant.} 39. Rxd2 Raxb7) 39. Kf1 {White is clearly winning.} Ke8 40. Nc7+ Kf7 41. Na6 {Precision: White = 75%, Black = 54%.} 1-0

[Event "Top 12 FRA-chT 2017"]
[Site "Chartres"]
[Date "2017.05.20"]
[Round "3"]
[White "Heimann, Andreas"]
[Black "Rozentalis, Eduardas"]
[Result "1-0"]
[WhiteElo "2573"]
[BlackElo "2535"]
[Annotator "TA"]
[PlyCount "95"]
[EventDate "2017.??.??"]
[EventType "team-tourn"]
[EventCountry "FRA"]
[SourceTitle "playchess.com"]
[Source "ChessBase"]
[SourceQuality "1"]
[WhiteTeam "Mulhouse Philidor"]
[BlackTeam "Strasbourg"]

{[%evp 22,95,57,51,83,76,102,91,91,99,79,37,76,29,32,16,7,0,18,22,100,99,106,113,116,96,161,104,97,70,103,109,101,102,103,106,129,115,113,100,86,101,141,147,132,112,319,307,315,342,293,283,262,223,404,398,450,403,450,366,647,629,612,472,576,545,724,701,905,612,1472,1474,1319,1204,1620,2093]} 1. c4 e6 2. g3 Nf6 3. Bg2 d5 4. d4 dxc4 5. Nf3 Bd7 6. Ne5 Bc6 7. Nxc6 Nxc6 8. O-O Qd7 {E04: Open Catalan: 5 Nf3} 9. e3 {[%cal Be2e3,Be3d4][%mdl 32]} O-O-O (9... Rd8 10. Qe2 e5 11. Qxc4 exd4 12. Qb5 Rb8 13. Rd1 a6 14. Qf1 Bd6 15. exd4 O-O 16. Bh3 {½-½ (76) Tomashevsky,E (2722)-Bu,X (2698) Novi Sad 2016}) 10. Nd2 {[%cal Bb1d2,Bd2c4,Bc4e3][%mdl 32]} e5 11. Nxc4 exd4 12. exd4 {LiveBook: 4 Games} Nd5 13. Ne3 $146 ({Predecessor:} 13. Qa4 a6 14. Rd1 Kb8 15. Qb3 f6 16. a3 {1-0 (40) Exler,V (2192)-Guindy,E (2057) Reykjavik 2015}) 13... Nce7 14. Qf3 f6 {[%cal Bf7f6,Bf6f5][%mdl 32]} 15. b4 h5 16. b5 g5 17. Ba3 g4 18. Qe4 {aiming for Bxe7.} f5 19. Qc2 Nxe3 (19... Kb8 {feels hotter.} 20. Nc4 Ng6 21. Bxf8 Rhxf8 22. Rfd1 h4) 20. fxe3 Nd5 (20... h4 $11 {remains equal.}) 21. Bxd5 $16 Qxd5 22. Rxf5 Qd7 23. Bxf8 Rhxf8 (23... Rdxf8 $16 24. Raf1 Qe7) 24. Raf1 (24. Rxh5 $18 Rf7 25. Rc1) 24... Rfe8 25. Qf2 Qe7 26. Re5 Qa3 27. Qf5+ Kb8 28. Qxh5 Rxe5 29. Qxe5 ({Not} 29. dxe5 Qxe3+ 30. Kh1 Qe4+ 31. Kg1 Qd4+ 32. Kh1 Qd5+ 33. Kg1 Qc5+ 34. Kh1 Qxb5 $17) 29... Qxa2 {[%mdl 4096] Endgame KQR-KQR} 30. Qg5 $40 {[%cal Rg5d8][%mdl 128] White attacks with force.} Rh8 {[%csl Gh8][%cal Ra2h2] [#]} 31. Qh5 $1 {[%mdl 512]} Qg8 (31... Rxh5 32. Rf8#) 32. Qf7 Qxf7 33. Rxf7 {KR-KR} a5 $2 (33... Kc8 $16) 34. bxa6 $1 $18 bxa6 35. Rg7 Kb7 36. Rxg4 a5 37. Rf4 a4 $2 (37... Re8 {is a better defense.} 38. Kf2 a4) 38. Rf1 Kc6 39. h4 {[%cal Bh2h4,Bh4h5,Bh5h6][%mdl 32]} Kd5 40. Kg2 a3 $2 (40... c5 41. Ra1 Ra8 42. dxc5 a3) 41. Ra1 {White is clearly winning.} Ra8 42. g4 Ke4 43. Kf2 a2 {[#]} 44. h5 $1 {[%cal Rh5h6]} Rf8+ 45. Kg3 Rf3+ {[#]} 46. Kh4 $1 ({Less strong is} 46. Kg2 Rxe3 47. h6 (47. Rxa2 Kf4 $16) 47... Ra3 $16) 46... Rf2 47. Kg5 Kxe3 48. h6 {Precision: White = 96%, Black = 33%.} 1-0

[Event "Top 12 FRA-chT 2017"]
[Site "Chartres"]
[Date "2017.05.20"]
[Round "3"]
[White "David, Alberto"]
[Black "Dorfman, Iossif"]
[Result "1/2-1/2"]
[WhiteElo "2548"]
[BlackElo "2560"]
[Annotator "TA"]
[PlyCount "59"]
[EventDate "2017.??.??"]
[EventType "team-tourn"]
[EventCountry "FRA"]
[SourceTitle "playchess.com"]
[Source "ChessBase"]
[SourceQuality "1"]
[WhiteTeam "Saint Quentin"]
[BlackTeam "Grasse Echecs"]

{[%evp 12,59,34,8,34,0,14,0,0,0,0,8,14,14,12,17,43,40,41,43,33,36,39,33,43,20,21,26,26,27,18,20,32,26,31,29,37,36,37,47,38,37,56,56,56,34,54,13,4,8]} 1. e4 c6 2. Nc3 d5 3. Nf3 Bg4 4. h3 Bxf3 5. Qxf3 Nf6 6. d3 e6 7. a3 Nbd7 {B11: Caro-Kann: Two Knights Variation} 8. Be2 (8. Bd2) 8... Bd6 9. d4 $146 {Hoping for e5.} ({Predecessor:} 9. g4 O-O 10. O-O Ne8 11. Qg2 d4 12. Nb1 f5 13. f4 Qc7 14. gxf5 exf5 15. e5 {0-1 (46) Gracia Suarez,J (2088)-Gomez Luesia,J (2207) Aragon 2005}) 9... dxe4 10. Nxe4 Nxe4 11. Qxe4 Nf6 12. Qf3 Qa5+ 13. c3 Qd5 14. O-O O-O-O 15. Re1 Qxf3 16. Bxf3 h6 17. Bd2 Rhe8 18. Re2 e5 19. dxe5 Rxe5 20. Rxe5 Bxe5 21. Be3 a6 22. Re1 Re8 23. Kf1 Kc7 24. Bd1 Re6 25. Bb3 Nd5 26. Bc1 g5 27. g3 Bd6 28. Rd1 Rf6 29. Bxd5 cxd5 30. Ke2 {Precision: White = 74%, Black = 69%.} 1/2-1/2

[Event "Top 12 FRA-chT 2017"]
[Site "Chartres"]
[Date "2017.05.20"]
[Round "3"]
[White "Libiszewski, Fabien"]
[Black "Sumets, Andrey"]
[Result "1/2-1/2"]
[WhiteElo "2544"]
[BlackElo "2566"]
[Annotator "TA"]
[PlyCount "48"]
[EventDate "2017.??.??"]
[EventType "team-tourn"]
[EventCountry "FRA"]
[SourceTitle "playchess.com"]
[Source "ChessBase"]
[SourceQuality "1"]
[WhiteTeam "Grasse Echecs"]
[BlackTeam "Saint Quentin"]

{[%evp 24,48,52,18,25,17,43,35,122,108,103,112,111,134,116,-10,-16,-14,38,22,44,35,47,39,39,32,39]} 1. e4 {[%cal Be2e4,Be4e5][%mdl 32]} e6 2. d4 d5 3. Nc3 Nf6 4. e5 Nfd7 5. f4 c5 6. Nf3 Nc6 7. Be3 cxd4 8. Nxd4 Bc5 9. Qd2 O-O 10. O-O-O a6 11. Nb3 b6 {C11: French: Classical System: 4 e5 and 4 Bg5 dxe4} 12. h4 Bb7 13. Nxc5 {LiveBook: 3 Games} bxc5 {[#]The position is equal.} 14. Nxd5 $1 {[%mdl 512]} exd5 15. Qxd5 Qa5 $146 ({Black should play} 15... Ndb8 $14) ({Predecessor:} 15... Ndb8 16. Qxc5 Qa5 17. Bc4 Qxc5 18. Bxc5 Re8 19. Rhe1 {1-0 (53) Brkic,A (2596)-Brynell,S (2464) Split 2014}) 16. Qxd7 $16 Nb4 {[#] Threatens to win with ...Rad8.} 17. Bc4 $1 ({But not} 17. Qxb7 $2 Rfb8 $19) 17... Be4 18. a3 {And now e6 would win.} Nxc2 19. Qd2 (19. Bd2 $16 Qb6 20. e6) 19... Qa4 $11 20. Bd3 Nxa3 (20... Na1 $11 21. Kb1 Rad8) 21. Bxe4 $14 Qxe4 {[%csl Ga3][%cal Re4b1]} 22. Qd3 {White is slightly better.} Qc4+ 23. Qxc4 Nxc4 24. Rh3 ({Of course not} 24. Bxc5 Rfc8 $17) 24... Rfc8 {Precision: White = 68%, Black = 50%.} 1/2-1/2

[Event "Top 12 FRA-chT 2017"]
[Site "Chartres"]
[Date "2017.05.20"]
[Round "3"]
[White "Rambaldi, Francesco"]
[Black "Hamitevici, Vladimir"]
[Result "1-0"]
[WhiteElo "2542"]
[BlackElo "2487"]
[Annotator "TA"]
[PlyCount "81"]
[EventDate "2017.??.??"]
[EventType "team-tourn"]
[EventCountry "FRA"]
[SourceTitle "playchess.com"]
[Source "ChessBase"]
[SourceQuality "1"]
[WhiteTeam "Nice Alekhine"]
[BlackTeam "Vandoeuvre"]

{[%evp 9,81,48,65,51,48,63,56,56,57,47,60,52,67,59,85,85,90,52,64,21,10,0,0,0,0,0,0,-12,0,-7,-8,-19,0,0,7,17,10,0,0,0,0,0,8,8,13,13,18,13,14,14,14,20,16,0,0,0,37,22,22,20,25,23,20,25,23,40,224,223,29956,29957,29965,29967,29967,29958]} 1. d4 Nf6 {[%cal Bg8f6,Bf6d7,Bd7c5,Bc5e6][%mdl 32]} 2. c4 b6 3. f3 e6 4. e4 d5 (4... Bb7 5. Nc3 d5 6. cxd5 exd5 7. e5 Nfd7 8. f4 c5 9. Nf3 Be7 10. Be3 O-O 11. Be2 Nc6 12. Nxd5 cxd4 13. Bxd4 Nxd4 14. Nxe7+ Qxe7 15. Qxd4 {½-½ (49) Wojtaszek,R (2736)-Delgado Ramirez,N (2618) Baku 2016}) 5. cxd5 exd5 6. e5 {A50: Queen's Fianchetto Defence (1 d4 Nf6 2 c4 b6)} Nfd7 7. f4 c5 8. Nf3 {White is slightly better.} Nc6 9. Be3 $146 ({Predecessor:} 9. Nc3 cxd4 10. Nxd4 Nxd4 11. Qxd4 Bb7 {1-0 (28) Lev,R (2465)-Kogan,A (2475) Tel Aviv 1996}) 9... cxd4 10. Nxd4 Nxd4 11. Bxd4 Nc5 12. Nc3 Ne6 13. Bb5+ Bd7 14. Bxd7+ (14. Qa4 $5) 14... Qxd7 15. Ne2 Bb4+ 16. Bc3 Bxc3+ 17. bxc3 O-O 18. O-O f5 19. exf6 Rxf6 20. f5 Nc7 21. Nd4 Re8 22. Qd3 Qe7 23. Qd2 Qe3+ 24. Qxe3 Rxe3 25. Rac1 b5 26. Rfe1 Rxe1+ 27. Rxe1 $11 {[%mdl 4096] Endgame KRN-KRN} Kf7 28. g4 Ra6 29. g5 Kf8 ({Much weaker is} 29... Rxa2 $6 30. Nc6 $16) 30. Re2 Ra3 31. f6 gxf6 ({But not} 31... Rxc3 $2 32. Re7 $18) 32. gxf6 {[#] Hoping for Re7.} Rxc3 33. Re7 {And now Rxc7! would win.} Rc4 34. Nf3 {Threatens to win with Ne5.} Rc1+ 35. Kg2 Rc2+ 36. Kg3 Rc3 37. Kf2 {Strongly threatening Ng5.} Rc6 $2 ({Black should try} 37... Rc2+ $14 38. Ke3 d4+ 39. Kxd4 Rc4+ 40. Kd3 Nd5 41. Rxh7 (41. Rxa7 Rc3+ 42. Kd4 Rxf3 $14) 41... Rc3+ 42. Ke2 Rc2+ 43. Kd3 Rc3+ 44. Ke2 Rc2+ 45. Kd3 Rc3+) 38. Rxh7 $18 Kg8 $2 {[#]} (38... Rc2+ $18 39. Kg3 Rc3) 39. f7+ $1 {White mates.} Kf8 40. Ne5 Rf6+ 41. Kg3 {Precision: White = 74%, Black = 54%.} 1-0